Steve jobs, thiên tài gàn dở và câu chuyện thần kỳ về quả táo = Inside Steve's brain
محفوظ في:
| المؤلف الرئيسي: | |
|---|---|
| التنسيق: | كتاب |
| اللغة: | Undetermined |
| منشور في: |
Hà Nội
Thời đại
2011
|
| الموضوعات: | |
| الوسوم: |
إضافة وسم
لا توجد وسوم, كن أول من يضع وسما على هذه التسجيلة!
|
| Thư viện lưu trữ: | Trung tâm Học liệu Trường Đại học Cần Thơ |
|---|
| LEADER | 00690nam a2200205Ia 4500 | ||
|---|---|---|---|
| 001 | CTU_173072 | ||
| 008 | 210402s9999 xx 000 0 und d | ||
| 020 | |c 129000 | ||
| 082 | |a 658.452 | ||
| 082 | |b K12 | ||
| 100 | |a Kahney, Leander | ||
| 245 | 0 | |a Steve jobs, thiên tài gàn dở và câu chuyện thần kỳ về quả táo = | |
| 245 | 0 | |b Inside Steve's brain | |
| 245 | 0 | |c Leander Kahney; Nguyễn Đức Viễn (dịch) | |
| 260 | |a Hà Nội | ||
| 260 | |b Thời đại | ||
| 260 | |c 2011 | ||
| 650 | |a Success in business,Businessman,Thành công trong kinh doanh | ||
| 910 | |a Nguyên | ||
| 980 | |a Trung tâm Học liệu Trường Đại học Cần Thơ | ||